| 000 | 01507nam0a2200313 4500 | ||
|---|---|---|---|
| 001 | RU\NLR\BIBL_A\010200808 | ||
| 005 | 20260503055427.0 | ||
| 010 |
_a5-86983-089-3 _91000 |
||
| 035 | _a(NLR Aleph) 010200808 | ||
| 090 |
_a10242822 _c10242822 |
||
| 100 | _a20140305d2007 |||y0rusy50 ca | ||
| 101 | 0 | _arus | |
| 102 | _aRU | ||
| 105 | _aacb|z||||01yb | ||
| 200 | 1 |
_aОстров милосердия _eпамяти протоиерея Алексия Петровича Колоколова _fсвящ. Виталий Фонькин, Р.А. Левшин |
|
| 210 |
_aСанкт-Петербург _cАлаборг _d2007 |
||
| 215 |
_a70 с. _cил., портр., карт. _d23 |
||
| 300 | _aНа обл. авт. не указан | ||
| 320 | _aИмен. указ.: с. 63-70 | ||
| 601 | 0 | 2 |
_aРусская православная церковь _xБлаготворительность _92097589 _3RU\NLR\AUTH\661268992 |
| 686 | 2 | _aЭ372.24-374-021 | |
| 700 | 1 |
_aФонькин _bВ. _cсвященник _gВиталий _3RU\NLR\AUTH\770131645 _9131611 |
|
| 701 | 1 |
_8rus _7ca _aЛевшин _bР. А. _cпослушник _f-2010 _gРоман Алексеевич _3RU\NLR\AUTH\7758240 _941172 |
|
| 702 | 1 |
_4570 _aКолоколов _bА. П. _cсвященник _f1836-1902 _gАлексий Петрович _3RU\NLR\AUTH\770131652 _9131618 |
|
| 942 | _cBOOK | ||
| 980 | _aNB | ||